100 Largest US Cities - C - Statistics

General Stats
  • This quiz has been taken 482 times
  • The average score is 39 of 100
Answer Stats
Rank Population City % Correct
1 2,679,080 Chicago, IL
98%
7 307,266 Cincinnati, OH
93%
12 198,969 Columbus, GA
93%
68 49,206 Columbus, IN
93%
2 913,921 Columbus, OH
93%
5 376,599 Cleveland, OH
91%
77 46,042 Cleveland, TN
91%
3 912,096 Charlotte, NC
90%
18 140,476 Charleston, SC
87%
79 45,264 Charleston, WV
87%
23 124,519 Columbia, MO
85%
21 129,482 Columbia, SC
85%
84 42,281 Columbia, TN
85%
4 489,529 Colorado Springs, CO
79%
6 327,144 Corpus Christi, TX
75%
37 90,930 Carson, CA
72%
22 128,399 Concord, CA
70%
33 100,639 Concord, NC
70%
80 44,019 Concord, NH
70%
51 65,035 Cheyenne, WY
69%
10 249,787 Chesapeake, VA
66%
13 184,561 Chattanooga, TN
65%
9 269,123 Chandler, AZ
64%
61 57,344 Carson City, NV
63%
19 134,268 Cedar Rapids, IA
63%
8 281,838 Chula Vista, CA
63%
26 120,479 Cambridge, MA
59%
11 204,549 Cape Coral, FL
58%
58 58,763 Casper, WY
55%
16 161,686 Clarksville, TN
55%
48 69,837 Canton, OH
49%
14 174,762 Cary, NC
49%
28 118,190 Clearwater, FL
49%
15 172,652 Corona, CA
49%
29 115,110 Carlsbad, CA
46%
20 133,853 Coral Springs, FL
46%
46 73,236 Camden, NJ
43%
17 143,718 Carrollton, TX
43%
75 46,786 Charlottesville, VA
43%
32 104,918 Carmel, IN
39%
38 90,739 Champaign, IL
39%
25 121,219 Chico, CA
39%
36 94,119 Compton, CA
39%
73 47,492 Chesterfield, MO
37%
27 120,104 Clovis, CA
37%
97 37,765 Clovis, NM
37%
34 100,401 Chino, CA
35%
24 121,663 College Station, TX
35%
31 111,183 Centennial, CO
34%
89 40,181 Covington, KY
34%
43 81,698 Cranston, RI
34%
30 112,405 Costa Mesa, CA
32%
41 84,654 Clifton, NJ
29%
59 58,630 Corvallis, OR
28%
44 79,434 Cicero, IL
27%
88 40,456 Cedar Falls, IA
25%
72 48,850 Coral Gables, FL
25%
54 62,487 Caldwell, ID
24%
50 65,419 Chapel Hill, NC
24%
40 85,081 Chino Hills, CA
24%
76 46,710 Covina, CA
24%
49 68,850 Conway, AR
23%
64 54,822 Coeur d'Alene, ID
22%
63 55,198 Colton, CA
22%
35 98,081 Conroe, TX
22%
45 75,452 Castle Rock, CO
20%
93 39,196 Chelsea, MA
20%
91 39,437 Culver City, CA
20%
96 38,304 Cedar City, UT
19%
99 36,058 Claremont, CA
19%
86 40,893 Campbell, CA
18%
55 62,056 Council Bluffs, IA
18%
85 42,131 Cape Girardeau, MO
17%
39 87,974 Citrus Heights, CA
16%
81 43,376 Cleveland Heights, OH
16%
60 57,820 Cupertino, CA
16%
74 47,182 Cedar Hill, TX
15%
42 84,580 Cedar Park, TX
15%
65 54,530 Chicopee, MA
15%
92 39,331 Calexico, CA
14%
52 64,360 Commerce City, CO
14%
53 64,012 Coon Rapids, MN
14%
71 48,978 Cuyahoga Falls, OH
14%
47 71,898 Camarillo, CA
13%
56 61,858 Casa Grande, AZ
13%
67 49,366 Cypress, CA
13%
70 49,001 Cerritos, CA
12%
83 42,482 Clermont, FL
12%
66 51,778 Collierville, TN
12%
57 61,334 Coconut Creek, FL
10%
90 39,501 Crystal Lake, IL
10%
62 55,435 Cathedral City, CA
9%
100 36,030 Cookeville, TN
9%
78 45,727 Coachella, CA
8%
94 38,595 Carol Stream, IL
7%
98 36,494 Carpentersville, IL
6%
69 49,038 Ceres, CA
6%
87 40,773 Coppell, TX
6%
95 38,442 Cottage Grove, MN
6%
82 42,924 Cutler Bay, FL
6%
No matching quizzes found
Score Distribution
Percent of People with Each Score
Percentile by Number Answered
Your Score History
You have not taken this quiz